000 00504nam a2200181 i 4500
001 bg
245 0 _aPodstawy projektowania technologii i organizacji montażu w budownictwie /
_cJerzy Buryta [et al.].
260 _aKraków,
_c1976.
650 9 _aBudownictwo
_xtechnologia
650 9 _aBudownictwo
_xorganizacja
655 _aPodręczniki akademickie
700 1 _aBuryta, Jerzy
040 _cBPK
041 _apol
080 _a69(075.8)
942 _cKS
008 s pl f |000 0 pol
999 _c572
_d572
856 _uhttp://koha.tu.koszalin.pl/cgi-bin/koha/opac-detail.pl?biblionumber=572
_yKatalog online BPK